000 00395nam a2200157Ia 4500
008 230917s9999||||xx |||||||||||||| ||und||
040 _e158696
_aMAIN
041 _aEnglish
082 _a647.94 A27H(2)
100 _aAndrew, Sudhir
245 0 _aHotel front office: A training manual
250 _a2nd ed.
260 _aNew Delhi
_bTata McGraw-Hill
_c2009
300 _a380 p.
942 _cBK
999 _c153065
_d153065